SUPPLY CHAIN MANAGEMENT (Record no. 7898)
[ view plain ]
| 000 -LEADER | |
|---|---|
| fixed length control field | 00597nam a22002177a 4500 |
| 003 - CONTROL NUMBER IDENTIFIER | |
| control field | OSt |
| 005 - DATE AND TIME OF LATEST TRANSACTION | |
| control field | 20220718123944.0 |
| 008 - FIXED-LENGTH DATA ELEMENTS--GENERAL INFORMATION | |
| fixed length control field | 220718b ||||| |||| 00| 0 eng d |
| 020 ## - INTERNATIONAL STANDARD BOOK NUMBER | |
| International Standard Book Number | 978-0-230-200052-4 |
| 040 ## - CATALOGING SOURCE | |
| Transcribing agency | DDC |
| 082 ## - DEWEY DECIMAL CLASSIFICATION NUMBER | |
| Classification number | 658.7 |
| 100 ## - MAIN ENTRY--PERSONAL NAME | |
| Personal name | DONALD WATERS |
| 9 (RLIN) | 16046 |
| 245 ## - TITLE STATEMENT | |
| Title | SUPPLY CHAIN MANAGEMENT |
| Remainder of title | AN INTRODUCTION TO LOGISTICS |
| 250 ## - EDITION STATEMENT | |
| Edition statement | 2END ED |
| 260 ## - PUBLICATION, DISTRIBUTION, ETC. (IMPRINT) | |
| Place of publication, distribution, etc. | NEW YORK |
| Name of publisher, distributor, etc. | PALGRAVE MACMILLAN |
| Date of publication, distribution, etc. | 2009 |
| 300 ## - PHYSICAL DESCRIPTION | |
| Extent | XXVI,511P: |
| Other physical details | ILL |
| Dimensions | 24.5 |
| 504 ## - BIBLIOGRAPHY, ETC. NOTE | |
| Bibliography, etc | INCLUDES GLOSSARY AND INDEX |
| 650 ## - SUBJECT ADDED ENTRY--TOPICAL TERM | |
| Topical term or geographic name as entry element | LOGISTICS |
| 9 (RLIN) | 7242 |
| 650 ## - SUBJECT ADDED ENTRY--TOPICAL TERM | |
| Topical term or geographic name as entry element | SUPPLY CHAIN MANAGEMENT |
| 9 (RLIN) | 5505 |
| 942 ## - ADDED ENTRY ELEMENTS (KOHA) | |
| Source of classification or shelving scheme | Dewey Decimal Classification |
| Koha item type | Book |
| Withdrawn status | Lost status | Source of classification or shelving scheme | Damaged status | Not for loan | Home library | Current library | Date acquired | Source of acquisition | Inventory number | Total Checkouts | Full call number | Barcode | Date last seen | Price effective from | Koha item type |
|---|---|---|---|---|---|---|---|---|---|---|---|---|---|---|---|
| Dewey Decimal Classification | Faculty of Management Science Library | Faculty of Management Science Library | 18/07/2022 | Purchase | 17/40122 | 658.7 | 2022-0682 | 18/07/2022 | 18/07/2022 | Book |
